Library of the University of Algiers 3
Ibrahim Sultan Cheibout
شعار جامعة الجزائر 3
مكتبة جامعة الجزائر 3
إبراهيم سلطان شيبوط

النظام القانوني لحماية الحكومية الإليكترونية : (رقم التسجيلة. 45335)

تفاصيل مارك
000 -LEADER
fixed length control field 01174nam a2200181Ia 4500
003 - CONTROL NUMBER IDENTIFIER
control field Ost
005 - DATE AND TIME OF LATEST TRANSACTION
control field 20260507075638.0
008 - FIXED-LENGTH DATA ELEMENTS--GENERAL INFORMATION
fixed length control field 260507s9999||||xx |||||||||||||| ||und||
040 ## - CATALOGING SOURCE
Transcribing agency fsecg
041 ## - LANGUAGE CODE
Language code of text/sound track or separate title ara
082 ## - DEWEY DECIMAL CLASSIFICATION NUMBER
Classification number 330
100 ## - MAIN ENTRY--PERSONAL NAME
Personal name حجازي، عبد الفتاح بيومي
Relator term مؤلف
245 #0 - TITLE STATEMENT
Title النظام القانوني لحماية الحكومية الإليكترونية :
Remainder of title الحماية الجنائية والمعلوماتية لنظام الحكومة الالكترونية /
Statement of responsibility, etc. عبد الفتاح بيومي حجازي
260 ## - PUBLICATION, DISTRIBUTION, ETC.
Place of publication, distribution, etc. الاسكندرية:
Name of publisher, distributor, etc. دار الفكر الجامعي,
Date of publication, distribution, etc. 2003
300 ## - PHYSICAL DESCRIPTION
Extent 387 صفحة؛
Dimensions 24 سم
520 ## - SUMMARY, ETC.
Summary, etc. -الحماية المعلوماتية لنظام الحكومة الاليكترونية بالتطرق الى إجراءات أمن و سرية المعلومات و خصوصية المعلومات و الجدار الناري أو حوائط المنع و مكافحة الفيروسات و عملية النسخ الاحتياطي و الاسترجاع لنظم و قواعد البيانات و كلمات السر أو العبور و التوقيع الالكت
942 ## - ADDED ENTRY ELEMENTS (KOHA)
Koha item type كتب
المقتنيات
Withdrawn status Lost status Source of classification or shelving scheme Damaged status Not for loan Home library Current library Date acquired Serial enumeration / chronology Inventory number Total checkouts Full call number Barcode Date last seen Price effective from Koha item type
    Dewey Decimal Classification   NOT LOAN / إعارة داخلية مكتبة كلية العلوم الإقتصادية والعلوم التجارية وعلوم التسيير مكتبة كلية العلوم الإقتصادية والعلوم التجارية وعلوم التسيير 07/05/2026 الطابق الأرضي 88/2/1   أ/88ك2ن1 88/2/1 07/05/2026 07/05/2026 كتب

موارد الويب المفتوحة


© University of Algiers 3 All Rights Reserved
|
Implemented by LECHELAH Riad